[Event "Titled Tuesday intern op 06th Feb Early"]
[Site "Chess.com INT"]
[Date "2024.02.06"]
[Round "1"]
[White "Shuvalova, Polina"]
[Black "Bressy, Theo"]
[Result "0-1"]
[WhiteElo "2455"]
[BlackElo "2192"]
[PlyCount "130"]
[EventDate "2024.02.06"]
[EventType "swiss (blitz)"]
[EventRounds "11"]
[EventCountry "USA"]
[SourceTitle "CB07_2024"]
[SourceDate "2024.02.14"]
[SourceVersion "1"]
[SourceVersionDate "2024.02.14"]
[SourceQuality "1"]

1. e4 e6 2. d4 d5 3. Nd2 Nf6 4. e5 Nfd7 5. Bd3 c5 6. c3 Nc6 7. Ne2 cxd4 8. cxd4 f6 9. exf6 Nxf6 10. 0-0 Bd6 11. Nf3 Qc7 12. Bg5 0-0 13. Qc2 h6 14. Bh4 Nh5 15. Bg6 Rxf3 16. gxf3 Bxh2+ 17. Kg2 Nf4+ 18. Nxf4 Qxf4 19. Bg3 Bxg3 20. fxg3 Qxd4 21. Rad1 Qf6 22. f4 Ne7 23. Bh5 Bd7 24. Bf3 Nf5 25. Rfe1 Bc6 26. Qf2 Nd6 27. b3 a6 28. Qd4 Qxd4 29. Rxd4 Kf7 30. Rd2 Kf6 31. Rde2 Re8 32. Kf2 Re7 33. g4 Bb5 34. Re5 Bc6 35. g5+ hxg5 36. fxg5+ Kf7 37. Kg3 g6 38. Rf1 Kg7 39. Bg4 Ne4+ 40. Kh4 Bd7 41. Rf4 Kg8 42. Be2 Nd6 43. Rf6 Nf5+ 44. Kg4 Rg7 45. Bd3 Ne7 46. Kg3 Nc6 47. Re1 e5 48. Rxg6 e4 49. Rxg7+ Kxg7 50. Be2 Kg6 51. Rd1 Be6 52. Kf4 Bg8 53. Bg4 Nb4 54. Bf5+ Kg7 55. Ke5 Nxa2 56. Be6 Bxe6 57. Kxe6 Nc3 58. Rc1 d4 59. Ke5 e3 60. Rh1 d3 61. Kd4 Nd1 62. Rxd1 e2 63. Rc1 d2 64. Rc7+ Kg6 65. Kc3 d1Q 0-1

[Event "Titled Tuesday intern op 05th Sep Early"]
[Site "Chess.com INT"]
[Date "2023.09.05"]
[Round "6"]
[White "Bressy, Theo"]
[Black "Martin Fuentes, Alberto"]
[Result "0-1"]
[WhiteElo "2183"]
[BlackElo "2376"]
[PlyCount "130"]
[EventDate "2023.09.05"]
[EventType "swiss (blitz)"]
[EventRounds "11"]
[EventCountry "USA"]
[SourceTitle "EXT 2024"]
[Source "ChessBase"]
[SourceDate "2023.10.10"]
[SourceVersion "1"]
[SourceVersionDate "2023.10.10"]
[SourceQuality "1"]

1. e4 e6 2. d4 d5 3. Nc3 Bb4 4. e5 Ne7 5. a3 Bxc3+ 6. bxc3 b6 7. Nf3 Ba6 8. Bd3 Bxd3 9. cxd3 c5 10. dxc5 bxc5 11. 0-0 Nbc6 12. Be3 Qa5 13. d4 cxd4 14. cxd4 0-0 15. Qd3 h6 16. Rfc1 Rab8 17. Rc5 Qa4 18. Rac1 Rb6 19. Nd2 Rfb8 20. g4 Ra6 21. Kg2 Rab6 22. f4 Rb2 23. R1c2 Rxc2 24. Rxc2 Qb5 25. Qxb5 Rxb5 26. Ra2 Kf8 27. Kf2 Ke8 28. Ke2 Kd7 29. Kd3 h5 30. h3 Rb8 31. Ra1 hxg4 32. hxg4 Rh8 33. Nb3 Rh4 34. Nc5+ Kc8 35. Rg1 Na5 36. Bf2 Rh3+ 37. Rg3 Rxg3+ 38. Bxg3 Nc4 39. a4 g6 40. Bh4 Nc6 41. Be1 Nb8 42. Ke2 Nd7 43. Nd3 Na3 44. Bc3 Nb6 45. a5 Nd7 46. f5 gxf5 47. gxf5 Nb5 48. Kd2 Nb8 49. Nf4 Nc7 50. Kd3 Nc6 51. fxe6 fxe6 52. Bd2 Kb7 53. Ke3 Ka6 54. Bc3 Nxa5 55. Bxa5 Kxa5 56. Kd3 Kb4 57. Ne2 a5 58. Nc1 a4 59. Na2+ Kb3 60. Nc1+ Kb2 61. Kd2 a3 62. Nd3+ Kb1 63. Nb4 a2 64. Nxa2 Kxa2 65. Kc3 Ka3 0-1

[Event "Titled Tuesday intern op 15th Aug Late"]
[Site "Chess.com INT"]
[Date "2023.08.15"]
[Round "7"]
[White "Bressy, Theo"]
[Black "Stearman, Josiah P"]
[Result "1-0"]
[WhiteElo "2183"]
[BlackElo "2453"]
[PlyCount "61"]
[EventDate "2023.08.15"]
[EventType "swiss (blitz)"]
[EventRounds "11"]
[EventCountry "USA"]
[SourceTitle "EXT 2024"]
[Source "ChessBase"]
[SourceDate "2023.10.10"]
[SourceVersion "1"]
[SourceVersionDate "2023.10.10"]
[SourceQuality "1"]

1. e4 c5 2. a3 e5 3. Nc3 Nf6 4. Bc4 a6 5. d3 b5 6. Ba2 Bb7 7. Nf3 Nc6 8. Nd5 h6 9. c4 Bd6 10. h3 b4 11. 0-0 a5 12. Be3 Nd4 13. axb4 axb4 14. Bxd4 cxd4 15. Bb3 Nxd5 16. exd5 Qc7 17. Rxa8+ Bxa8 18. Qe2 0-0 19. Nd2 f5 20. f4 e4 21. dxe4 Bxf4 22. d6 Be3+ 23. Qxe3 dxe3 24. dxc7 exd2 25. Rxf5 Rc8 26. Rb5 Rxc7 27. Rb8+ Kh7 28. Rxa8 Rxc4 29. Kf2 Rxe4 30. Ra1 Re1 31. Rxe1 1-0

[Event "Titled Tuesday intern op 01st Aug Late"]
[Site "Chess.com INT"]
[Date "2023.08.01"]
[Round "6"]
[White "Ozates, Tuna"]
[Black "Bressy, Theo"]
[Result "1-0"]
[WhiteElo "2281"]
[BlackElo "2183"]
[PlyCount "61"]
[EventDate "2023.08.01"]
[EventType "swiss (blitz)"]
[EventRounds "11"]
[EventCountry "USA"]
[SourceTitle "EXT 2024"]
[Source "ChessBase"]
[SourceDate "2023.10.10"]
[SourceVersion "1"]
[SourceVersionDate "2023.10.10"]
[SourceQuality "1"]

1. e4 e6 2. d4 d5 3. Nc3 Nf6 4. e5 Nfd7 5. f4 c5 6. Nf3 Nc6 7. Be3 a6 8. Qd2 b5 9. Be2 Qb6 10. Nd1 b4 11. 0-0 a5 12. c3 Ba6 13. f5 Be7 14. fxe6 fxe6 15. Bxa6 Qxa6 16. Ng5 Bxg5 17. Bxg5 h6 18. Bh4 g5 19. Bg3 Ke7 20. Ne3 Raf8 21. Ng4 cxd4 22. cxd4 Qa7 23. Rfd1 Rf5 24. Kh1 h5 25. Ne3 Rf7 26. Rac1 Qb6 27. Nxd5+ exd5 28. Qxg5+ Ke8 29. e6 Re7 30. exd7+ Rxd7 31. Qg6+ 1-0

[Event "Titled Tuesday intern op 18th Jul Early"]
[Site "Chess.com INT"]
[Date "2023.07.18"]
[Round "5"]
[White "Bressy, Theo"]
[Black "Luxama, Jacques Muller"]
[Result "1-0"]
[WhiteElo "2224"]
[BlackElo "1933"]
[PlyCount "85"]
[EventDate "2023.07.18"]
[EventType "swiss (blitz)"]
[EventRounds "11"]
[EventCountry "USA"]
[SourceTitle "EXT 2024"]
[Source "ChessBase"]
[SourceDate "2023.10.10"]
[SourceVersion "1"]
[SourceVersionDate "2023.10.10"]
[SourceQuality "1"]

1. e4 e6 2. d4 d5 3. Nc3 Bb4 4. e5 c5 5. a3 Bxc3+ 6. bxc3 Nc6 7. Qg4 g6 8. Nf3 h6 9. h4 Qa5 10. Bd2 c4 11. Be2 Qa4 12. 0-0 Qxc2 13. Rfc1 Qe4 14. Qxe4 dxe4 15. Ne1 Na5 16. Rcb1 Bd7 17. Rb4 b5 18. a4 bxa4 19. Bxc4 Ne7 20. Bb5 Nb3 21. Ra2 Nxd2 22. Rxd2 Rb8 23. Bxd7+ Kxd7 24. Rxa4 Rb7 25. Nc2 Nd5 26. c4 Nc3 27. Ra1 Rc8 28. Ne3 Rcb8 29. Ra6 Rb2 30. Rxa7+ Ke8 31. Rxb2 Rxb2 32. d5 exd5 33. cxd5 Rd2 34. d6 Ne2+ 35. Kh2 Nf4 36. Ng4 h5 37. Nf6+ Kf8 38. Ra8+ Kg7 39. Rg8+ Kh6 40. d7 Ne6 41. Rh8+ Kg7 42. Re8 e3 43. fxe3 1-0